| 000 | 01915nam a2200373 c 4500 | ||
|---|---|---|---|
| 999 |
_c119472 _d119472 |
||
| 003 | BLK | ||
| 005 | 20221130160317.0 | ||
| 008 | 180409b bul|||||r ||||||| ||bul|| | ||
| 010 | _aKNG00125087000 | ||
| 040 | _aBLK | ||
| 041 |
_aBUL _cBUL |
||
| 080 |
_aСпециална библиография _b016 _x:886.7-93 _z016:886.7-93 |
||
| 080 |
_aБългарска литература _b821.163.2 _x-93(01) _z821.163.2-93(01) |
||
| 080 |
_aСпециална библиография _b016 _x:82-93 _z016:82-93 |
||
| 080 |
_aДетска литература. Литература за деца _b82-93 _x(01) _z82-93(01) |
||
| 139 |
_aДетско-юношеска художествена литература 1944 - 1978 _bД 45 |
||
| 245 | 1 | 0 |
_aДетско-юношеска художествена литература 1944 - 1978 _bБиблиогр. указател _cсъстав. Иван Йорданов Иванов; ред. Божанка Константинова. |
| 257 | _aBGR | ||
| 260 |
_aСофия _bНар. библ. Кирил и Методий _c1979 |
||
| 300 |
_a202 с. _c23 см |
||
| 380 | _a0 | ||
| 500 | _aДруги състав. : Димитрийка Н. Димитрова, Веселина П. Захариева, Роза И. Ангелова. | ||
| 650 | 4 |
_aДетска и юношеска литература, българска - библиографии _9278687 |
|
| 651 | 4 |
_aБългария _9241624 |
|
| 653 | _aдетска литература | ||
| 653 | _aбиблиографски указатели | ||
| 700 | 1 |
_aИванов, Иван Йорданов _eсъстав. _9370449 |
|
| 700 | 1 |
_aКонстантинова, Божанка _eред. _9367779 |
|
| 852 | _aЦб 100989 | ||
| 856 | 4 |
_qpdf _i0.00 _ldisable |
|
| 856 | 4 |
_qpdf _i0.00 _ldisable |
|
| 942 |
_cKNG _n0 _s1 |
||
| 944 |
_aCR _c19.08.2011 _l19.08.2011 - от С1,Р / 19.08.2011 _kНора_Радева |
||
| 944 |
_aED _c19.08.2011 _l19.08.2011 - от С1,Р / 19.08.2011 |
||
| 944 |
_aED _c2022-11-30 _kХристина Везирева |
||
| 999 | _d119472 | ||